Cost Accounting / Accumulation,Analysis and Control (Record no. 687)
[ view plain ]
| 000 -LEADER | |
|---|---|
| fixed length control field | 02153cam a22002174a 4500 |
| 005 - ΗΜΕΡΟΜΗΝΙΑ ΚΑΙ ΩΡΑ ΤΕΛΕΥΤΑΙΑΣ ΕΝΗΜΕΡΩΣΗΣ | |
| Πεδίο ελέγχου | 20250605163942.0 |
| 008 - FIXED-LENGTH DATA ELEMENTS--GENERAL INFORMATION | |
| Πεδίο ελέγχου σταθερού μήκους | 250528s ||||||||||||||||||||||||d |
| 035 ## - SYSTEM CONTROL NUMBER | |
| System control number | 15088 |
| 020 ## - ISBN | |
| ISBN | 829901221 |
| 040 ## - ΠΗΓΗ ΚΑΤΑΛΟΓΟΓΡΑΦΗΣΗΣ | |
| Φορέας πρωτότυπης καταλογογράφησης | MC Athens Campus Library |
| Γλώσσα καταλογογράφησης | Ελληνικά, Μοντέρνα (1453-) |
| Modifying agency | MC Athens Campus Library |
| Κανόνες περιγραφικής καταλογογράφησης | AACR2 |
| 245 1# - ΤΙΤΛΟΣ ΚΑΙ ΔΗΛΩΣΗ ΥΠΕΥΘΥΝΟΤΗΤΑΣ | |
| Τίτλος | Cost Accounting / Accumulation,Analysis and Control |
| 260 ## - PUBLICATION, DISTRIBUTION, ETC. | |
| Name of publisher, distributor, etc. | West Publishing Company, |
| Date of publication, distribution, etc. | 1977 |
| 300 ## - PHYSICAL DESCRIPTION | |
| Extent | 644 |
| 505 0# - FORMATTED CONTENTS NOTE | |
| Formatted contents note | Historical Cost Accumulation, Objectives and Philosophy of Cost Accounting, Accumulating Manufacturing Costs, Systems Considerations and Subsidiary Records, Selected Topics in Manufacturing Accounting, Process Cost Accounting, Process Cost Accounting: Normal Spoilage - Joint and By-Product Costs, Cost Analysis for Managerial Planning and Control, Standard Cost Accounting, Standard Costing with Departmental Overhed Rates, Comprehensive Budgeting, Responsibility Accounting, Gross Profit Analysis; Cost-Profit-Volume Analysis, Planning Capital Expenditures, Applications of Decision Analysis to Management Accounting, Estmating Cost Relationships, Statistical Cost Analysis and Control, Inventory Models; Matrix Algebra, Accounting Applications of Linear Programming, Glossary of Terms, Appendix, Index. |
| 520 ## - SUMMARY, ETC. | |
| Summary, etc. | Historical Cost Accumulation, Objectives and Philosophy of Cost Accounting, Accumulating Manufacturing Costs, Systems Considerations and Subsidiary Records, Selected Topics in Manufacturing Accounting, Process Cost Accounting, Process Cost Accounting: Normal Spoilage - Joint and By-Product Costs, Cost Analysis for Managerial Planning and Control, Standard Cost Accounting, Standard Costing with Departmental Overhed Rates, Comprehensive Budgeting, Responsibility Accounting, Gross Profit Analysis; Cost-Profit-Volume Analysis, Planning Capital Expenditures, Applications of Decision Analysis to Management Accounting, Estmating Cost Relationships, Statistical Cost Analysis and Control, Inventory Models; Matrix Algebra, Accounting Applications of Linear Programming, Glossary of Terms, Appendix, Index. |
| 700 1# - ΠΡΟΣΘΕΤΗ ΑΝΑΓΡΑΦΗ--ΦΥΣΙΚΟ ΠΡΟΣΩΠΟ | |
| Personal name | Copeland R. Benny |
| 9 (RLIN) | 932 |
| 700 1# - ΠΡΟΣΘΕΤΗ ΑΝΑΓΡΑΦΗ--ΦΥΣΙΚΟ ΠΡΟΣΩΠΟ | |
| Personal name | Sullivan G. Nelson |
| 9 (RLIN) | 933 |
| 942 ## - ADDED ENTRY ELEMENTS (KOHA) | |
| Koha item type | Books |
| Τύπος τεκμηρίου | Βιβλιοθήκη | Τρέχουσα τοποθεσία | Barcode | Αριθμός εισαγωγής | Ημερομηνία απόκτησης | Ταξιθετικό σύμβολο | Αριθμός αντιτύπου | Κατάσταση απόσυρσης | Κατάσταση χαμένου | Κατάσταση κατεστραμμένου | Μη δανεισμός | Σύνολο δανεισμών | Ημερομηνία τελευταίας εμφάνισης | Η τιμή ισχύει από |
|---|---|---|---|---|---|---|---|---|---|---|---|---|---|---|
| Books | MC Athens Campus Library | MC Athens Campus Library | 9780000006868 | 1317 | 05/06/2025 | 657/.42 COP | 1 | 05/06/2025 | 05/06/2025 |